| 000 | 00743nam a2200217 a 4500 | ||
|---|---|---|---|
| 005 | 20260322212014.0 | ||
| 008 | data | ||
| 010 | _a 91178263 | ||
| 040 |
_aDLC _cDLC |
||
| 043 | _an-us-az | ||
| 050 | 0 | 0 |
_aLA2317.P67 _bG67 1990 |
| 082 | 0 | 0 |
_aB _aB _220 |
| 245 | 0 | 0 |
_aPortrait of a teacher : _bMary Elizabeth Post and something of the times in which she lived, 1841-1934 / _cedited by Ruth Leedy Gordon & Janet Gordon-Roach. |
| 260 |
_a[Cottonwood, Ariz.?] : _bJ. Gordon-Roach, _cc1990. |
||
| 300 |
_axiv, 154 p., [1] leaf of plates : _bill., maps ; _c23 cm. |
||
| 600 | 1 | 0 |
_aPost, Mary Elizabeth, _d1841-1934. |
| 650 | 0 |
_aTeachers _zArizona _xBiography. |
|
| 700 | 1 |
_aGordon, Ruth Leedy, _d1888-1973. |
|
| 700 | 1 | _aGordon-Roach, Janet. | |
| 001 | data | ||
| 999 |
_c304 _d304 |
||